Believe and achieve : 17 principles of success

Bibliographic Details
Main Author: Stone's, W. Clement
Format: Book
Published: Napoleon Hill Associates : Malaysia , 2004
Subjects:

MARC

LEADER 00000cam a2200000 7i4500
001 0000019562
005 20080619.0
008 080618
020 |a 9834138350 
090 0 0 |a 158.1   |b STO 
100 0 |a Stone's, W. Clement 
245 1 0 |a Believe and achieve :   |b 17 principles of success   |c W. Clement Stone's 
260 |a Napoleon Hill Associates :   |b Malaysia ,   |c 2004 
504 |a Includes bibliographical references 
650 0 |a Achievement motivation 
650 0 |a Success 
999 |a 0001025629   |b Book   |c Adult Collection   |e Perbadanan Perpustakaan Awam Johor 
999 |a 0001025631   |b Book   |c Adult Collection   |e Perbadanan Perpustakaan Awam Johor